[Event "Turkey Cup 2019"]
[Site "Belek"]
[Date "2019.01.28"]
[Round "2.28"]
[White "Uysal, Ilyas"]
[Black "Korkmaz, Necmettin"]
[Result "0-1"]
[WhiteElo "1718"]
[BlackElo "2053"]
[Annotator "NA"]
[PlyCount "142"]
[EventDate "2019.01.27"]
[EventType "swiss"]
[EventCountry "TUR"]
[SourceTitle "playchess.com"]
[Source "ChessBase"]
[SourceQuality "1"]

1. e4 d5 2. exd5 Nf6 3. Bb5+ Bd7 4. Bc4 b5 5. Be2 Nxd5 6. Nc3 c6 7. Nxd5 cxd5 8. d4 Nc6 9. Nf3 Qa5+ 10. Bd2 Qb6 11. Be3 e6 12. O-O Be7 13. c3 O-O 14. Bd3 Rac8 15. Bc2 Qc7 16. Bg5 f6 17. Qd3 g6 18. Bh6 Rf7 19. h4 Bd6 20. a3 Ne7 21. Rad1 Nf5 22. Bc1 Bf4 23. Bxf4 Qxf4 24. g3 Qc7 25. Kg2 Nd6 26. Qe2 Re8 27. Rfe1 Bc6 28. Qd2 Kg7 29. Re2 Ne4 30. Qc1 Ref8 31. Rde1 e5 32. Nd2 exd4 33. cxd4 f5 34. f4 b4 35. Bd3 bxa3 36. bxa3 Qb6 37. Nf3 Rc7 38. Rc2 Rfc8 39. Ree2 Ba4 40. Rxc7+ Rxc7 41. Qb2 Bd1 42. Qxb6 axb6 43. Rb2 Bxf3+ 44. Kxf3 Rc3 45. Ke3 Rxa3 46. Rxb6 Nxg3 47. Rb5 Nh5 48. Rxd5 Nxf4 49. Kxf4 Rxd3 50. h5 Rd1 51. hxg6 hxg6 52. Rd8 Re1 53. Kg5 Rg1+ 54. Kf4 Rg4+ 55. Kf3 Kf6 56. d5 Rd4 57. Ke3 Re4+ 58. Kf3 Ke7 59. Rg8 Rg4 60. Ra8 Rd4 61. Rg8 Kf6 62. Rd8 g5 63. Kg3 Rd3+ 64. Kf2 Ke5 65. Rg8 g4 66. Re8+ Kxd5 67. Kg2 f4 68. Rc8 Ke4 69. Re8+ Kd4 70. Rg8 Rd2+ 71. Kg1 g3 0-1

[Event "Turkey Cup 2019"]
[Site "Belek"]
[Date "2019.01.28"]
[Round "2.29"]
[White "Erdogan, Anil Berk"]
[Black "Basaran, Alp"]
[Result "1-0"]
[WhiteElo "2090"]
[BlackElo "1723"]
[Annotator "NA RC"]
[PlyCount "87"]
[EventDate "2019.01.27"]
[EventType "swiss"]
[EventCountry "TUR"]
[SourceTitle "playchess.com"]
[Source "ChessBase"]
[SourceQuality "1"]

1. e4 c5 2. Nf3 d6 3. d4 cxd4 4. Nxd4 Nf6 5. Nc3 Nc6 6. Bg5 e6 7. Qd2 a6 8. O-O-O Bd7 9. Nb3 b5 10. f3 Rb8 11. Ne2 h6 12. Bxf6 Qxf6 13. Ned4 Nxd4 14. Qxd4 Qxd4 15. Rxd4 Be7 16. Be2 O-O 17. Rhd1 e5 18. Rxd6 Bxd6 19. Rxd6 Rfd8 20. Rxa6 Rdc8 21. Bd3 Be6 22. Rd6 Kf8 23. Kd2 Ra8 24. Nc1 b4 25. Rb6 Rab8 26. Rxb8 Rxb8 27. c3 bxc3+ 28. Kxc3 Rc8+ 29. Kd2 Ke7 30. a4 Kd6 31. b4 Bc4 32. Ne2 Be6 33. Nc3 Bd7 34. a5 Rb8 35. Nd5 Be6 36. Nb6 Kc6 37. Kc3 f6 38. b5+ Kc7 39. Na4 Bd7 40. Kb4 Rd8 41. Nc5 Bc8 42. b6+ Kb8 43. a6 Rd6 44. Kb5 1-0

[Event "Turkey Cup 2019"]
[Site "Belek"]
[Date "2019.01.28"]
[Round "2.30"]
[White "Ozcan, Kadir Kutay"]
[Black "Kizilkus, Akin"]
[Result "0-1"]
[WhiteElo "1794"]
[BlackElo "2100"]
[Annotator "TA"]
[PlyCount "42"]
[EventDate "2019.01.27"]
[EventType "swiss"]
[EventCountry "TUR"]
[SourceTitle "playchess.com"]
[Source "ChessBase"]
[SourceQuality "1"]

1. e4 e6 2. b3 d5 3. Bb2 Nf6 4. Nc3 d4 5. Nce2 Nc6 6. Ng3 Bc5 7. Nf3 h5 8. Bd3 h4 9. Ne2 e5 10. h3 Qe7 11. c3 dxc3 12. dxc3 Be6 13. Qc2 O-O-O 14. Bb5 Bxf2+ 15. Kxf2 Qc5+ 16. Kf1 Qxb5 17. c4 Qc5 18. Nc3 Nb4 19. Qe2 Nh5 20. Na4 Ng3+ 21. Ke1 Nc2+ 0-1

[Event "Turkey Cup 2019"]
[Site "Belek"]
[Date "2019.01.28"]
[Round "2.31"]
[White "Aslan, Dogukan"]
[Black "Caglar, Ahmet Ata"]
[Result "1/2-1/2"]
[WhiteElo "1709"]
[BlackElo "2093"]
[Annotator "NA RC"]
[PlyCount "81"]
[EventDate "2019.01.27"]
[EventType "swiss"]
[EventCountry "TUR"]
[SourceTitle "playchess.com"]
[Source "ChessBase"]
[SourceQuality "1"]

1. d4 Nf6 2. c4 g6 3. Nf3 Bg7 4. g3 O-O 5. Bg2 d6 6. O-O Nc6 7. Nc3 Bf5 8. d5 Na5 9. b3 Ne4 10. Nxe4 Bxa1 11. Nd4 c5 12. Nxf5 gxf5 13. Ng5 Bg7 14. e4 h6 15. Nh3 e6 16. exf5 exf5 17. Qd3 Re8 18. Qxf5 Qf6 19. Qg4 Re7 20. Nf4 Rae8 21. Be3 a6 22. Qd1 b5 23. Nh5 Qg6 24. Nxg7 Kxg7 25. Qd2 Nb7 26. Bf3 b4 27. Bd1 Nd8 28. Bc2 f5 29. Qd3 Re4 30. Qd2 R4e5 31. Bf4 Re2 32. Qd3 R8e4 33. Be3 Qh5 34. Bd1 R4xe3 35. Qxe3 Rxe3 36. Bxh5 Re7 37. f4 a5 38. Kf2 a4 39. Re1 Rxe1 40. Kxe1 a3 41. Kd2 1/2-1/2

[Event "Turkey Cup 2019"]
[Site "Belek"]
[Date "2019.01.28"]
[Round "2.32"]
[White "Kirilmaz, Emre"]
[Black "Elalmis, Husamettin"]
[Result "1-0"]
[WhiteElo "2035"]
[BlackElo "1754"]
[Annotator "NA RC"]
[PlyCount "101"]
[EventDate "2019.01.27"]
[EventType "swiss"]
[EventCountry "TUR"]
[SourceTitle "playchess.com"]
[Source "ChessBase"]
[SourceQuality "1"]

1. d4 Nf6 2. c3 g6 3. Bg5 Bg7 4. Nd2 d5 5. e3 O-O 6. Bd3 c5 7. Ngf3 Nc6 8. dxc5 e5 9. Bb5 Qe7 10. b4 Bg4 11. h3 Bf5 12. O-O a5 13. a3 h6 14. Bxf6 Qxf6 15. Nb3 axb4 16. cxb4 Rfd8 17. Qe2 g5 18. Nfd2 Qg6 19. e4 Bxe4 20. Nxe4 dxe4 21. Bxc6 bxc6 22. Rfe1 f5 23. g4 Rd3 24. Na5 Rxh3 25. gxf5 Qxf5 26. Qxe4 Qf7 27. Qc4 Qd5 28. Qxd5+ cxd5 29. Kg2 Rh4 30. Rad1 d4 31. f3 g4 32. Kg3 Rh3+ 33. Kxg4 Rh2 34. c6 Rf8 35. Kg3 Rh5 36. Nc4 Rg5+ 37. Kf2 Rgf5 38. Rd3 Bf6 39. Rg1+ Kh7 40. Ke2 Bd8 41. Rg2 h5 42. a4 h4 43. b5 h3 44. Rh2 Rh5 45. b6 Bh4 46. Rxh3 e4 47. Rxd4 exf3+ 48. Rxf3 Re8+ 49. Re3 Rg8 50. Rh3 Re8+ 51. Kd3 1-0

[Event "Turkey Cup 2019"]
[Site "Belek"]
[Date "2019.01.28"]
[Round "2.33"]
[White "Ozcan, Berk"]
[Black "Yigit, Ahmet Yasir"]
[Result "1/2-1/2"]
[WhiteElo "1709"]
[BlackElo "2032"]
[Annotator "NA RC"]
[PlyCount "74"]
[EventDate "2019.01.27"]
[EventType "swiss"]
[EventCountry "TUR"]
[SourceTitle "playchess.com"]
[Source "ChessBase"]
[SourceQuality "1"]

1. e4 c6 2. d4 d5 3. Nc3 dxe4 4. Nxe4 Bf5 5. Ng3 Bg6 6. h4 h6 7. Nf3 Nd7 8. h5 Bh7 9. Bd3 Bxd3 10. Qxd3 e6 11. Bd2 Ngf6 12. O-O-O Qc7 13. Ne4 Nxe4 14. Qxe4 Nf6 15. Qe2 O-O-O 16. c4 c5 17. Rh4 cxd4 18. Nxd4 a6 19. Bc3 Be7 20. g3 Nd7 21. Rg4 Bf6 22. Kb1 Ne5 23. Re4 Nc6 24. Kc2 Rd7 25. Nxc6 Rxd1 26. Na7+ Kb8 27. Bxf6 gxf6 28. Qxd1 f5 29. Rd4 Kxa7 30. b3 Qc5 31. Qd2 Rg8 32. Rd7 Rg5 33. Rxf7 Rxh5 34. Qe3 Rg5 35. Rf6 e5 36. Rxh6 Rxg3 37. Rh5 Rf3 1/2-1/2

[Event "Turkey Cup 2019"]
[Site "Belek"]
[Date "2019.01.28"]
[Round "2.34"]
[White "Percin, Onder"]
[Black "Aydogdu, Cagatay"]
[Result "0-1"]
[WhiteElo "2084"]
[BlackElo "1727"]
[Annotator "NA"]
[PlyCount "53"]
[EventDate "2019.01.27"]
[EventType "swiss"]
[EventCountry "TUR"]
[SourceTitle "playchess.com"]
[Source "ChessBase"]
[SourceQuality "1"]

1. e4 g6 2. Nc3 Bg7 3. g3 c5 4. Bg2 Nc6 5. d3 d6 6. f4 e6 7. Nf3 Nge7 8. O-O O-O 9. Be3 Rb8 10. Qd2 b6 11. Bf2 Bb7 12. d4 Na5 13. Rfd1 Nec6 14. Qe2 Qc8 15. Bf1 cxd4 16. Nxd4 Nxd4 17. Bxd4 Qc5 18. Qf2 e5 19. Rd2 f5 20. Re1 exf4 21. gxf4 fxe4 22. Nxe4 Qf5 23. Nxd6 Qxf4 24. Qxf4 Rxf4 25. Nxb7 Rxb7 26. Bg2 Rc7 27. b3 0-1

[Event "Turkey Cup 2019"]
[Site "Belek"]
[Date "2019.01.28"]
[Round "2.34"]
[White "Percin, Onder"]
[Black "Aydogdu, Cagatay"]
[Result "*"]
[WhiteElo "2084"]
[BlackElo "1727"]
[Annotator "NA RC"]
[PlyCount "146"]
[EventDate "2019.01.27"]
[EventType "swiss"]
[EventCountry "TUR"]
[SourceTitle "playchess.com"]
[Source "ChessBase"]
[SourceQuality "1"]

1. e4 g6 2. Nc3 Bg7 3. g3 c5 4. Bg2 Nc6 5. d3 d6 6. f4 e6 7. Nf3 Nge7 8. O-O O-O 9. Be3 Rb8 10. Qd2 b6 11. Bf2 Bb7 12. d4 Na5 13. Rfd1 Nec6 14. Qe2 Qc8 15. Bf1 cxd4 16. Nxd4 Nxd4 17. Bxd4 Bxd4+ 18. Rxd4 Qc5 19. Qf2 e5 20. Rd2 f5 21. Re1 exf4 22. gxf4 fxe4 23. Nxe4 Qf5 24. Nxd6 Qxf4 25. Qxf4 Rxf4 26. Nxb7 Rxb7 27. Bg2 Rc7 28. b3 Kg7 29. c4 Nb7 30. Re4 Rxe4 31. Bxe4 Kf6 32. Kf2 Nc5 33. Bd5 g5 34. Kf3 h5 35. Re2 Nd3 36. Ke4 Nf4 37. Rf2 Re7+ 38. Kd4 Kf5 39. Bc6 g4 40. c5 h4 41. cxb6 axb6 42. Kc4 g3 43. hxg3 hxg3 44. Rd2 Re5 45. Bf3 Re3 46. Bb7 Re5 47. Bf3 Ng6 48. Rd6 Kf4 49. Rxb6 Kxf3 50. Rxg6 Re4+ 51. Kd3 Rg4 52. Rf6+ Kg2 53. Ke3 Rg8 54. a4 Rb8 55. a5 Rxb3+ 56. Ke4 Ra3 57. a6 Kg1 58. Rf3 Ra4+ 59. Kd5 g2 60. Rf6 Kh2 61. Rh6+ Kg3 62. Rg6+ Rg4 63. Rxg4+ Kxg4 64. Kc6 g1=Q 65. Kb7 Qh1+ 66. Kb8 Qh8+ 67. Kb7 Qb2+ 68. Ka8 Qh8+ 69. Kb7 Qg7+ 70. Kb8 Qf8+ 71. Kb7 Qe7+ 72. Kb8 Qe8+ 73. Kb7 Qb5+ *

[Event "Turkey Cup 2019"]
[Site "Belek"]
[Date "2019.01.28"]
[Round "2.35"]
[White "Aslanhan, Halis"]
[Black "Pektas, Yigit"]
[Result "0-1"]
[WhiteElo "1779"]
[BlackElo "2019"]
[Annotator "NA RC"]
[PlyCount "72"]
[EventDate "2019.01.27"]
[EventType "swiss"]
[EventCountry "TUR"]
[SourceTitle "playchess.com"]
[Source "ChessBase"]
[SourceQuality "1"]

1. e4 Nf6 2. e5 Nd5 3. d4 d6 4. c4 Nb6 5. Nf3 Bg4 6. exd6 exd6 7. Nc3 Be7 8. Be3 O-O 9. h3 Bh5 10. Be2 Nc6 11. b3 Re8 12. Rc1 Bf6 13. d5 Bxf3 14. Bxf3 Nd4 15. Ne4 Nf5 16. O-O Nxe3 17. Nxf6+ Qxf6 18. fxe3 Qg5 19. e4 Nd7 20. Qd4 Re5 21. Rce1 h5 22. Re2 Rae8 23. Qxa7 Nc5 24. Qa5 f5 25. Ree1 Nd3 26. Rd1 fxe4 27. Qd2 Nf4 28. h4 Qxh4 29. Be2 e3 30. Qe1 Nh3+ 31. gxh3 Qxh3 32. Rf4 Rg5+ 33. Bg4 e2 34. Rdd4 Re3 35. Rf8+ Kxf8 36. Rf4+ Kg8 0-1

[Event "Turkey Cup 2019"]
[Site "Belek"]
[Date "2019.01.28"]
[Round "2.37"]
[White "Sakalli, Mustafa"]
[Black "Camdereli, Gunduz"]
[Result "1/2-1/2"]
[WhiteElo "1955"]
[BlackElo "1724"]
[Annotator "NA"]
[PlyCount "80"]
[EventDate "2019.01.27"]
[EventType "swiss"]
[EventCountry "TUR"]
[SourceTitle "playchess.com"]
[Source "ChessBase"]
[SourceQuality "1"]

1. d4 d5 2. g3 Bf5 3. Bg2 e6 4. Nf3 h6 5. c4 c6 6. O-O Nf6 7. Nc3 Be7 8. a3 O-O 9. b4 Ne4 10. Bb2 Nxc3 11. Bxc3 Be4 12. Nd2 Bxg2 13. Kxg2 f5 14. Qb3 a6 15. a4 Nd7 16. b5 Rb8 17. Nf3 Bd6 18. Rab1 Nf6 19. c5 Be7 20. Ne5 Nd7 21. Nxd7 Qxd7 22. bxa6 bxa6 23. Qxb8 Rxb8 24. Rxb8+ Kf7 25. Rfb1 e5 26. e3 f4 27. dxe5 fxe3 28. fxe3 Qg4 29. Rf1+ Ke6 30. Bd4 Qe4+ 31. Kg1 Bg5 32. Rb3 h5 33. h4 Qg4 34. Kf2 Bd8 35. Rb8 Be7 36. Rb6 g5 37. Rxc6+ Kd7 38. Rd6+ Bxd6 39. exd6 gxh4 40. gxh4 Qf5+ 1/2-1/2

[Event "Turkey Cup 2019"]
[Site "Belek"]
[Date "2019.01.28"]
[Round "2.38"]
[White "Kocak, Can"]
[Black "Ceylan, Sezer"]
[Result "1-0"]
[WhiteElo "1994"]
[BlackElo "1689"]
[Annotator "NA"]
[PlyCount "67"]
[EventDate "2019.01.27"]
[EventType "swiss"]
[EventCountry "TUR"]
[SourceTitle "playchess.com"]
[Source "ChessBase"]
[SourceQuality "1"]

1. e4 b6 2. d4 Bb7 3. f3 e6 4. Be3 Nf6 5. Nh3 d5 6. e5 Nfd7 7. Bd3 c5 8. c3 Nc6 9. O-O Rc8 10. Nd2 h6 11. f4 cxd4 12. cxd4 Nb4 13. Qe2 Nxd3 14. Qxd3 g6 15. Rf3 Qc7 16. Rb1 Qc2 17. Qb5 Qc6 18. Qe2 Bb4 19. a3 Bxd2 20. Bxd2 Qc4 21. Qf2 Qa2 22. Qe1 Rc2 23. Bc3 Ba6 24. Qd1 Re2 25. Nf2 O-O 26. Rc1 f6 27. Qa4 Nb8 28. Qb4 fxe5 29. dxe5 Qc4 30. Qe7 Rc2 31. Qxe6+ Kg7 32. Rd1 Rf7 33. Rg3 g5 34. Rh3 1-0

[Event "Turkey Cup 2019"]
[Site "Belek"]
[Date "2019.01.28"]
[Round "2.39"]
[White "Celik, Cem Akin"]
[Black "Ozsakallioglu, Okan"]
[Result "1-0"]
[WhiteElo "1637"]
[BlackElo "2051"]
[Annotator "NA RC"]
[PlyCount "59"]
[EventDate "2019.01.27"]
[EventType "swiss"]
[EventCountry "TUR"]
[SourceTitle "playchess.com"]
[Source "ChessBase"]
[SourceQuality "1"]

1. f4 d5 2. Nf3 Bg4 3. Ne5 Bh5 4. c3 f6 5. Nf3 Nc6 6. d4 Qd7 7. e3 e5 8. Nxe5 Nxe5 9. Qxh5+ g6 10. Qd1 Nf7 11. c4 O-O-O 12. c5 g5 13. Be2 gxf4 14. O-O Bh6 15. exf4 Ne7 16. Bg4 f5 17. Bh3 Bg7 18. Qd3 Nh6 19. Nd2 Ng4 20. Nf3 h5 21. Ne5 Qe6 22. b4 Kb8 23. a4 Ng6 24. b5 N6xe5 25. fxe5 Rdf8 26. a5 Bh6 27. Bf4 Rh7 28. b6 a6 29. bxc7+ Rxc7 30. Rab1 1-0

[Event "Turkey Cup 2019"]
[Site "Belek"]
[Date "2019.01.28"]
[Round "2.40"]
[White "Baltaci, Ismail Tarik"]
[Black "Kiraz, Yigit"]
[Result "1-0"]
[WhiteElo "2014"]
[BlackElo "1673"]
[Annotator "NA RC"]
[PlyCount "137"]
[EventDate "2019.01.27"]
[EventType "swiss"]
[EventCountry "TUR"]
[SourceTitle "playchess.com"]
[Source "ChessBase"]
[SourceQuality "1"]

1. e4 c5 2. Nf3 d6 3. d4 cxd4 4. Nxd4 Nf6 5. Nc3 g6 6. Be3 Bg7 7. f3 O-O 8. Bc4 Nc6 9. Qd2 Bd7 10. O-O-O Nxd4 11. Bxd4 Qa5 12. Bb3 Rfc8 13. Kb1 b5 14. Bxf6 Bxf6 15. Nd5 Qxd2 16. Nxf6+ Kg7 17. Nh5+ Kh6 18. Rxd2 Kxh5 19. Bxf7 Rc5 20. Re1 Rf8 21. Bb3 Bc6 22. c3 g5 23. Rd4 Re5 24. Kc1 g4 25. Bd1 gxf3 26. Bxf3+ Kg5 27. Kd2 h5 28. Ke3 h4 29. Rg1 d5 30. h3 dxe4 31. Be2 Ref5 32. Rdd1 a6 33. Rdf1 Rxf1 34. Bxf1 Rf5 35. Be2 Kf6 36. Bg4 Rd5 37. Rf1+ Kg6 38. Rd1 Rxd1 39. Bxd1 Kf5 40. b4 Ke5 41. Bc2 e6 42. a3 Bd5 43. a4 Bc6 44. axb5 axb5 45. Bd1 Kd5 46. Bb3+ Ke5 47. Bd1 Bd7 48. Be2 Bc6 49. c4 bxc4 50. Bxc4 Bb7 51. b5 Kf5 52. Bb3 e5 53. Bc2 Bd5 54. b6 Bb7 55. Bb1 Bc6 56. Ba2 Bb7 57. Bb3 Kf6 58. Bd1 Kg5 59. Bb3 Kf6 60. Bg8 Kg7 61. Be6 Kf6 62. Bd7 Kg6 63. Ba4 Kf6 64. Bc2 Kf5 65. Bb1 Bc6 66. Ba2 Kf6 67. Bg8 Kg7 68. Be6 Bb7 69. Bf5 1-0

[Event "Turkey Cup 2019"]
[Site "Belek"]
[Date "2019.01.28"]
[Round "2.41"]
[White "Dinc, Melih"]
[Black "Yasin, Hur"]
[Result "0-1"]
[WhiteElo "1729"]
[BlackElo "2004"]
[Annotator "NA RC"]
[PlyCount "134"]
[EventDate "2019.01.27"]
[EventType "swiss"]
[EventCountry "TUR"]
[SourceTitle "playchess.com"]
[Source "ChessBase"]
[SourceQuality "1"]

1. e4 e6 2. d4 d5 3. exd5 exd5 4. c4 Nf6 5. Nf3 Bb4+ 6. Bd2 Qe7+ 7. Be2 dxc4 8. Qa4+ Nc6 9. O-O Bd7 10. Re1 Bxd2 11. Nbxd2 Nxd4 12. Qxc4 Ne6 13. Bd3 O-O 14. Qh4 Qd6 15. Bc2 Qf4 16. Qxf4 Nxf4 17. Ne5 Be6 18. Ne4 Nxe4 19. Rxe4 Nd5 20. Rh4 g6 21. Bb3 Rad8 22. Rc1 c6 23. Ra4 a6 24. Rd4 Rfe8 25. Rcd1 Re7 26. Nd3 Rde8 27. Nc5 Bc8 28. Kf1 Nf6 29. Rd8 Kf8 30. Rxe8+ Kxe8 31. Re1 b6 32. Rxe7+ Kxe7 33. Nd3 Nd7 34. Nb4 Bb7 35. f3 Nc5 36. Bd1 a5 37. Nc2 Ba6+ 38. Be2 Bxe2+ 39. Kxe2 Na4 40. b4 Nc3+ 41. Kd3 Nxa2 42. bxa5 bxa5 43. Kc4 Kd6 44. Nd4 a4 45. Ne2 c5 46. Kb5 a3 47. Ka4 Nb4 48. Kxa3 Nc2+ 49. Kb2 Ne1 50. Nc3 f5 51. g4 Nxf3 52. gxf5 gxf5 53. h3 Ke5 54. Na4 Kd4 55. Kc2 h5 56. Kd1 Ng5 57. Ke2 Nxh3 58. Kf3 h4 59. Nb2 c4 60. Nd1 c3 61. Ne3 Kd3 62. Nxf5 c2 63. Kg4 Nf2+ 64. Kf3 c1=Q 65. Nxh4 Qe3+ 66. Kg2 Ke2 67. Kg1 Qh3 0-1

[Event "Turkey Cup 2019"]
[Site "Belek"]
[Date "2019.01.28"]
[Round "2.42"]
[White "Buke, Furkan"]
[Black "Yenil, Mucahit"]
[Result "1-0"]
[WhiteElo "2044"]
[BlackElo "1714"]
[Annotator "NA RC"]
[PlyCount "43"]
[EventDate "2019.01.27"]
[EventType "swiss"]
[EventCountry "TUR"]
[SourceTitle "playchess.com"]
[Source "ChessBase"]
[SourceQuality "1"]

1. e4 c5 2. Nf3 Nc6 3. c3 d5 4. exd5 Qxd5 5. d4 Bf5 6. Be3 cxd4 7. cxd4 e6 8. Nc3 Qa5 9. Be2 Nf6 10. O-O Be7 11. a3 O-O 12. b4 Qc7 13. Rc1 Rac8 14. Qb3 Qb8 15. d5 Ne5 16. g3 Bh3 17. Rfe1 Ng6 18. Ng5 Bf5 19. dxe6 fxe6 20. Nxe6 Bxe6 21. Qxe6+ Kh8 22. Nd5 1-0

[Event "Turkey Cup 2019"]
[Site "Belek"]
[Date "2019.01.28"]
[Round "2.43"]
[White "Cakmak, Sarven"]
[Black "Kocyigit, Buse Naz"]
[Result "0-1"]
[WhiteElo "1780"]
[BlackElo "2043"]
[Annotator "NA RC"]
[PlyCount "90"]
[EventDate "2019.01.27"]
[EventType "swiss"]
[EventCountry "TUR"]
[SourceTitle "playchess.com"]
[Source "ChessBase"]
[SourceQuality "1"]

1. d4 Nf6 2. Nf3 g6 3. c4 d5 4. Nc3 Bg7 5. Bg5 Ne4 6. cxd5 Nxg5 7. Nxg5 e6 8. Nf3 exd5 9. e3 O-O 10. Be2 c6 11. O-O Be6 12. b4 Nd7 13. Qb3 a6 14. a4 b5 15. a5 c5 16. bxc5 Nxc5 17. Qa3 Nb7 18. Nd2 Nd6 19. Nb3 Nc4 20. Qa2 Rc8 21. Rfc1 Qg5 22. Nd1 Rfd8 23. Bf1 h5 24. Qe2 Bf8 25. Nb2 Bg4 26. f3 Bf5 27. Nxc4 dxc4 28. Nd2 Bd3 29. Qf2 Bxf1 30. Kxf1 Qd5 31. Qe2 Be7 32. Kf2 Rc6 33. f4 c3 34. Nf3 b4 35. Ne5 Rcc8 36. Qxa6 b3 37. Nxg6 fxg6 38. Qxg6+ Kf8 39. Rab1 c2 40. Rb2 Ba3 41. Qf6+ Qf7 42. Qh8+ Ke7 43. Qe5+ Qe6 44. Qg7+ Kd6 45. Rxb3 Qxb3 0-1

[Event "Turkey Cup 2019"]
[Site "Belek"]
[Date "2019.01.28"]
[Round "2.44"]
[White "Sahin, Handenur"]
[Black "Ekinci, Berkay"]
[Result "1/2-1/2"]
[WhiteElo "1998"]
[BlackElo "1688"]
[Annotator "NA RC"]
[PlyCount "89"]
[EventDate "2019.01.27"]
[EventType "swiss"]
[EventCountry "TUR"]
[SourceTitle "playchess.com"]
[Source "ChessBase"]
[SourceQuality "1"]

1. e4 c5 2. c3 g6 3. d4 cxd4 4. cxd4 d5 5. exd5 Nf6 6. Nc3 Nxd5 7. Qb3 Nxc3 8. bxc3 Bg7 9. Nf3 O-O 10. Be2 Nc6 11. O-O Qc7 12. Ba3 Be6 13. Qa4 Rac8 14. Rfd1 Bd7 15. Qc2 Bf5 16. Qa4 Bd7 17. Qb3 Na5 18. Qb4 Nc6 19. Qb2 Rfe8 20. Rac1 Bg4 21. h3 Bxf3 22. Bxf3 Na5 23. Be2 Red8 24. Qb4 Nc6 25. Qa4 e6 26. Bf3 Bf8 27. Rb1 Bxa3 28. Qxa3 Na5 29. c4 b6 30. Rbc1 Qf4 31. d5 Nxc4 32. Qxa7 exd5 33. Qb7 Rc7 34. Qa6 Ne5 35. Qxb6 Nxf3+ 36. gxf3 Qg5+ 37. Kh2 Rxc1 38. Rxc1 d4 39. Rc5 Qh4 40. Rc2 Qf4+ 41. Kg2 Rd5 42. Qc7 Qf6 43. Qc6 Rg5+ 44. Kf1 Qf4 45. Qe8+ 1/2-1/2

[Event "Turkey Cup 2019"]
[Site "Belek"]
[Date "2019.01.28"]
[Round "2.45"]
[White "Hatipoglu, Metin"]
[Black "Gallevci, Yagiz"]
[Result "1/2-1/2"]
[WhiteElo "1680"]
[BlackElo "2034"]
[Annotator "NA RC"]
[PlyCount "93"]
[EventDate "2019.01.27"]
[EventType "swiss"]
[EventCountry "TUR"]
[SourceTitle "playchess.com"]
[Source "ChessBase"]
[SourceQuality "1"]

1. e4 c6 2. c4 d5 3. cxd5 cxd5 4. exd5 Nf6 5. Nc3 Nxd5 6. Bc4 Nb6 7. Bb3 Nc6 8. Nge2 e5 9. O-O Be7 10. Ng3 O-O 11. Re1 Kh8 12. d3 f5 13. Be3 Nd4 14. Bxd4 Qxd4 15. Qe2 Bf6 16. Nh5 Bd7 17. Nxf6 gxf6 18. Qh5 Qg4 19. Qxg4 fxg4 20. a4 Bf5 21. Ne4 Rad8 22. a5 Nd5 23. Nc5 Nf4 24. Nxb7 Rb8 25. a6 Bxd3 26. Bd1 h5 27. f3 Rg8 28. fxg4 hxg4 29. b3 Rbc8 30. Nd6 Rc6 31. Ne4 Bxe4 32. Rxe4 g3 33. hxg3 Rxg3 34. Bf3 Rc2 35. Rc4 Rb2 36. Rc8+ Kg7 37. Rc7+ Kh6 38. Rxa7 Nxg2 39. Bxg2 Rgxg2+ 40. Kh1 Rh2+ 41. Kg1 e4 42. Re7 Rbg2+ 43. Kf1 Rf2+ 44. Kg1 Rfg2+ 45. Kf1 Rf2+ 46. Kg1 Rhg2+ 47. Kh1 1/2-1/2

[Event "Turkey Cup 2019"]
[Site "Belek"]
[Date "2019.01.28"]
[Round "2.46"]
[White "Dogdu, Mehmet"]
[Black "Acar, Ozgur"]
[Result "0-1"]
[WhiteElo "1940"]
[BlackElo "1798"]
[Annotator "NA"]
[PlyCount "76"]
[EventDate "2019.01.27"]
[EventType "swiss"]
[EventCountry "TUR"]
[SourceTitle "playchess.com"]
[Source "ChessBase"]
[SourceQuality "1"]

1. e4 c6 2. d4 d5 3. e5 e6 4. Bd3 c5 5. c3 Nc6 6. Nf3 Nge7 7. dxc5 Ng6 8. Bxg6 hxg6 9. Be3 a5 10. Na3 f6 11. Qd3 Kf7 12. exf6 gxf6 13. O-O-O b6 14. cxb6 Bxa3 15. bxa3 Ba6 16. Qc2 Qd6 17. Kb2 a4 18. c4 Na5 19. c5 Qd7 20. Rd4 Nc4+ 21. Ka1 e5 22. Rxc4 Bxc4 23. h4 Bb5 24. Rh3 d4 25. Bd2 Qd5 26. Rg3 d3 27. Qc3 Rac8 28. Be3 e4 29. Nd2 Rxh4 30. Qb4 Qc6 31. f3 f5 32. fxe4 fxe4 33. Kb2 Rd8 34. Kc3 Ba6 35. Nc4 Qf6+ 36. Kd2 Bxc4 37. Qxc4+ Kf8 38. Qc1 Rh1 0-1

[Event "Turkey Cup 2019"]
[Site "Belek"]
[Date "2019.01.28"]
[Round "2.47"]
[White "Akcun, Fayik"]
[Black "Aydin, Ismail"]
[Result "1-0"]
[WhiteElo "1614"]
[BlackElo "1950"]
[Annotator "NA RC"]
[PlyCount "104"]
[EventDate "2019.01.27"]
[EventType "swiss"]
[EventCountry "TUR"]
[SourceTitle "playchess.com"]
[Source "ChessBase"]
[SourceQuality "1"]

1. e4 e6 2. d4 d5 3. Nc3 Nf6 4. Bg5 Be7 5. e5 Nfd7 6. Bxe7 Qxe7 7. f4 a6 8. Nf3 c5 9. Qd2 Nc6 10. dxc5 Nxc5 11. O-O-O b5 12. Bd3 g6 13. g4 Bb7 14. Rhf1 h5 15. h3 hxg4 16. hxg4 O-O-O 17. a3 Rh3 18. Ne2 Qc7 19. Kb1 Qb6 20. Ng5 Rh2 21. Nxf7 b4 22. b3 Rd7 23. Nd6+ Kb8 24. Qe3 bxa3 25. Bxg6 Na5 26. Nc1 Rc7 27. Rf2 d4 28. Qxd4 Rxf2 29. Qxf2 Bd5 30. Rxd5 exd5 31. Qd4 Qc6 32. Be8 Nd7 33. Qb4+ Ka8 34. Bg6 Nf8 35. Bd3 Qc5 36. Qxc5 Rxc5 37. b4 Rc4 38. Nxc4 Nxc4 39. Bxc4 dxc4 40. Ka2 Kb7 41. Kxa3 Kc6 42. Kb2 Kd5 43. Kc3 Ne6 44. f5 Ng5 45. e6 Ne4+ 46. Kb2 Ke5 47. Ne2 Kf6 48. Nc3 Nd6 49. Nd5+ Ke5 50. Nc7 Kf6 51. Nxa6 Ne4 52. Nc7 Nf2 1-0

[Event "Turkey Cup 2019"]
[Site "Belek"]
[Date "2019.01.28"]
[Round "2.48"]
[White "Albayrak, Kerem"]
[Black "Kavukcu, Mustafa"]
[Result "1-0"]
[WhiteElo "1949"]
[BlackElo "1729"]
[Annotator "NA"]
[PlyCount "41"]
[EventDate "2019.01.27"]
[EventType "swiss"]
[EventCountry "TUR"]
[SourceTitle "playchess.com"]
[Source "ChessBase"]
[SourceQuality "1"]

1. d4 d5 2. Nf3 Nf6 3. c4 dxc4 4. Qa4+ c6 5. Qxc4 Nbd7 6. Nc3 e6 7. e4 c5 8. dxc5 Bxc5 9. e5 Nd5 10. Bd3 Nb4 11. Be4 Qc7 12. Nb5 Qb6 13. O-O Nc6 14. Bf4 O-O 15. Rac1 a6 16. Nc3 Qb4 17. Qd3 f5 18. exf6 Nxf6 19. a3 Qb3 20. Nd2 Qb6 21. Na4 1-0

[Event "Turkey Cup 2019"]
[Site "Belek"]
[Date "2019.01.28"]
[Round "2.49"]
[White "Ilcin, Murat Veysi"]
[Black "Ozsakallioglu, Akin"]
[Result "0-1"]
[WhiteElo "1653"]
[BlackElo "1957"]
[Annotator "NA"]
[PlyCount "102"]
[EventDate "2019.01.27"]
[EventType "swiss"]
[EventCountry "TUR"]
[SourceTitle "playchess.com"]
[Source "ChessBase"]
[SourceQuality "1"]

1. d4 Nf6 2. c4 g6 3. Nc3 Bg7 4. e4 d6 5. Nf3 O-O 6. Be2 Bg4 7. h3 Bxf3 8. Bxf3 e5 9. dxe5 dxe5 10. Qxd8 Rxd8 11. Bg5 c6 12. O-O Na6 13. Rad1 Nc5 14. Be3 Bf8 15. a3 Ne6 16. Rxd8 Rxd8 17. Bxa7 Rd2 18. Na4 Rc2 19. Bd1 Rxc4 20. f3 b5 21. Bb3 Rxa4 22. Bxa4 bxa4 23. Rc1 Nd7 24. Rxc6 Bc5+ 25. Bxc5 Ndxc5 26. Rc8+ Kg7 27. Kf1 Nd3 28. Rb8 Nd4 29. Ra8 Nxb2 30. Rb8 Nd3 31. Ra8 Nc5 32. Rc8 Nde6 33. Ke1 f5 34. Rc6 fxe4 35. fxe4 Kf6 36. g4 Nxe4 37. g5+ Kf5 38. h4 N4c5 39. Rc8 Kg4 40. Rh8 Kxh4 41. Rxh7+ Kxg5 42. Ra7 Kf4 43. Kf2 g5 44. Rf7+ Ke4 45. Ra7 Kd4 46. Ra8 e4 47. Rb8 e3+ 48. Kf1 Nf4 49. Rd8+ Ke4 50. Re8+ Kf3 51. Rd8 e2+ 0-1